Normal view
MARC view
- Sponsoring DS: Dr. Umar Shahbaz Khan Col Dr. Kunwar Faraz Ahmed Asst Prof Kanwal Naveed
Entry Corporate Name
001 - CONTROL NUMBER
- control field: 85553
003 - CONTROL NUMBER IDENTIFIER
- control field: NUST
005 - DATE AND TIME OF LATEST TRANSACTION
- control field: 20211203113108.0
008 - FIXED-LENGTH DATA ELEMENTS
- fixed length control field: 211203|| aca||aabn | a|a d
040 ## - CATALOGING SOURCE
- Original cataloging agency: NUST
- Transcribing agency: NUST
110 ## - HEADING--CORPORATE NAME
- Corporate name or jurisdiction name as entry element: Sponsoring DS: Dr. Umar Shahbaz Khan Col Dr. Kunwar Faraz Ahmed Asst Prof Kanwal Naveed
670 ## - SOURCE DATA FOUND
- Source citation: Work cat.: (NUST): Ayesha Aslam Chaudhry Daniyal Basharat Umair Latif 85552, PR-SOF-2032-Dynamic Obstacle Avoidance Using Mobile Robots, 2021.
